Principles of inorganic chemistry Ed 33 (Record no. 169853)
[ view plain ]
| 000 -LEADER | |
|---|---|
| fixed length control field | 00633nam a2200229Ia 4500 |
| 003 - CONTROL NUMBER IDENTIFIER | |
| control field | OSt |
| 005 - DATE AND TIME OF LATEST TRANSACTION | |
| control field | 20230614153307.0 |
| 008 - FIXED-LENGTH DATA ELEMENTS--GENERAL INFORMATION | |
| fixed length control field | 210423s2018 xx 000 0 und d |
| 020 ## - INTERNATIONAL STANDARD BOOK NUMBER | |
| International Standard Book Number | 978-93-82956--96-9 |
| 040 ## - CATALOGING SOURCE | |
| Transcribing agency | AL |
| 041 ## - LANGUAGE CODE | |
| Language code of text/sound track or separate title | eng |
| 082 ## - DEWEY DECIMAL CLASSIFICATION NUMBER | |
| Classification number | 546 |
| Edition number | 23 |
| Item number | PURP |
| 100 ## - MAIN ENTRY--PERSONAL NAME | |
| Personal name | PURI (B R);SHARMA (L R);KALIA (K C) |
| 9 (RLIN) | 87630 |
| 245 ## - TITLE STATEMENT | |
| Title | Principles of inorganic chemistry Ed 33 |
| 250 ## - EDITION STATEMENT | |
| Edition statement | 33 |
| 260 ## - PUBLICATION, DISTRIBUTION, ETC. | |
| Place of publication, distribution, etc. | Delhi |
| Name of publisher, distributor, etc. | Vishal Publishing Co |
| Date of publication, distribution, etc. | 2018 |
| 300 ## - PHYSICAL DESCRIPTION | |
| Extent | xii,1170,v |
| Other physical details | PB |
| 365 ## - TRADE PRICE | |
| Price amount | 755 |
| Currency code | INR |
| 650 ## - SUBJECT ADDED ENTRY--TOPICAL TERM | |
| Topical term or geographic name entry element | Inorganic Chemistry |
| 9 (RLIN) | 87631 |
| 906 ## - LOCAL DATA ELEMENT F, LDF (RLIN) | |
| a | 2018-19 ; 33 ; chemistry ; inorganic ; Principles |
| 942 ## - ADDED ENTRY ELEMENTS (KOHA) | |
| Source of classification or shelving scheme | Dewey Decimal Classification |
| Koha item type | Book |
| Withdrawn status | Lost status | Damaged status | Not for loan | Collection code | Home library | Current library | Date acquired | Source of acquisition | Cost, normal purchase price | Total Checkouts | Total Renewals | Full call number | Barcode | Date last seen | Date last checked out | Price effective from | Koha item type |
|---|---|---|---|---|---|---|---|---|---|---|---|---|---|---|---|---|---|
| Analytical Chemistry | St Aloysius PG Library | St Aloysius PG Library | 01/23/2019 | Biblios Book Point | 755.00 | 21 | 2 | 546 PURP | PG016355 | 10/24/2025 | 10/10/2025 | 04/26/2021 | Book | ||||
| Analytical Chemistry | St Aloysius PG Library | St Aloysius PG Library | 01/23/2019 | Biblios Book Point | 755.00 | 12 | 1 | 546 PURP | PG016356 | 05/16/2024 | 05/11/2024 | 04/26/2021 | Book | ||||
| Analytical Chemistry | St Aloysius PG Library | St Aloysius PG Library | 01/23/2019 | Biblios Book Point | 755.00 | 20 | 3 | 546 PURP | PG016357 | 10/24/2025 | 10/10/2025 | 04/26/2021 | Book | ||||
| Analytical Chemistry | St Aloysius PG Library | St Aloysius PG Library | 01/23/2019 | Biblios Book Point | 755.00 | 17 | 3 | 546 PURP | PG016358 | 10/24/2025 | 10/10/2025 | 04/26/2021 | Book | ||||
| Analytical Chemistry | St Aloysius PG Library | St Aloysius PG Library | 01/23/2019 | Biblios Book Point | 755.00 | 14 | 3 | 546 PURP | PG016359 | 05/15/2023 | 05/09/2023 | 04/26/2021 | Book |